Largest Countries below 1000m - Statistics

General Stats
  • This quiz has been taken 292 times
  • The average score is 6 of 10
Answer Stats
Area (km²) Answer % Correct
238,533 Ghana
66%
1,030,700 Mauritania
65%
196,722 Senegal
63%
207,600 Belarus
62%
114,763 Benin
58%
176,215 Uruguay
58%
274,222 Burkina Faso
55%
406,752 Paraguay
52%
64,559 Latvia
50%
65,300 Lithuania
50%
No matching quizzes found
Score Distribution
Percent of People with Each Score
Percentile by Number Answered
Your Score History
You have not taken this quiz